| 000 | 00611cab a2200241 4500 | ||
|---|---|---|---|
| 001 | ABS56374 | ||
| 008 | 090401t1996 xxu||||| |||| 00| 0 eng d | ||
| 035 | _a(Sirsi) u23185 | ||
| 041 | _aeng | ||
| 100 | _aCampbell, A. | ||
| 245 | _aCommonhold Bill | ||
| 260 | _c1996 | ||
| 350 | _a0 | ||
| 490 |
_aFacilities Management _v4 (2) December 1996, 16-17(2) |
||
| 520 | _aDiscusses issues surrounding commonhold and the Commonhold Bill. | ||
| 650 | _aCOMMONHOLD BILL | ||
| 650 | _aCOMMONHOLD | ||
| 650 | _aFLATS | ||
| 650 | _aPROPERTY OWNERSHIP | ||
| 690 | _aLAW | ||
| 942 | _n0 | ||
| 948 | _c04/03/1997 | ||
| 999 |
_c15519 _d15519 |
||